Australian Parkruns - Statistics

General Stats
  • This quiz has been taken 16 times
  • The average score is 96 of 536
Answer Stats
Hint Answer % Correct
VIC Bright
63%
ACT Burley Griffin
63%
TAS Devonport
63%
ACT Mount Ainslie
63%
NSW Parramatta
63%
NSW Queanbeyan
63%
NSW Rhodes
63%
NSW St Peters
63%
NSW Wagga
63%
VIC Aintree Reserve
50%
VIC Albert Melbourne
50%
NSW Albury Wodonga
50%
VIC Ararat
50%
VIC Bairnsdale
50%
NSW Bathurst
50%
NSW Centennial
50%
NSW Coffs Harbour
50%
NT Darwin
50%
NSW Dolls Point
50%
ACT Ginninderra
50%
VIC Inverloch
50%
WA Kalgoorlie-Boulder
50%
VIC Lake Colac
50%
TAS Launceston
50%
SA Meningie
50%
SA Mount Gambier
50%
NSW Newy
50%
NT Nightcliff
50%
NSW North Sydney
50%
NSW Orange
50%
VIC Parkville
50%
NSW Pirrama
50%
SA Port Augusta
50%
VIC Port Fairy
50%
VIC Rosebud
50%
VIC Sale
50%
QLD South Bank
50%
SA The Avenues
50%
SA Torrens
50%
ACT Tuggeranong
50%
VIC Warrnambool
50%
ACT Woden Town
50%
QLD Zillmere
50%
VIC Aurora
38%
WA Baxter
38%
NSW Bega
38%
TAS Bellerive
38%
VIC Berwick Waters
38%
NSW Broken Hill Racecourse
38%
TAS Burnie
38%
QLD Cairns
38%
WA Claisebrook Cove
38%
VIC Cohuna
38%
ACT Coombs
38%
NSW Cowra
38%
VIC Dandenong
38%
QLD Emerald
38%
VIC Euroa
38%
SA Goolwa
38%
NSW Goulburn
38%
NSW GreenWay
38%
ACT Gungahlin
38%
VIC Hastings Foreshore
38%
TAS Kate Reed
38%
NSW Kingscliff
38%
VIC Kirkdale Reserve
38%
QLD Kirra
38%
VIC Lakes Entrance
38%
VIC Lillydale Lake
38%
QLD Mackay
38%
QLD Main Beach
38%
WA Margaret River
38%
NSW McLean Beach
38%
VIC Mernda
38%
VIC Mildura Weir
38%
NSW Mosman
38%
SA Mount Barker
38%
VIC Mount Beauty
38%
VIC Mullum Mullum
38%
VIC Nhill
38%
NSW North Wollongong
38%
TAS O’Connors Beach
38%
NT Palmerston
38%
VIC Phillip Island
38%
ACT Point Hut Pond
38%
WA Port Hedland
38%
VIC Portland
38%
SA Port Lincoln
38%
NSW Port Macquarie
38%
VIC Prince of Wales
38%
TAS Queens Domain
38%
VIC Red Hill Rail Trail
38%
TAS Risdon Brook
38%
QLD Rockhampton
38%
NSW Stockton
38%
VIC Sunbury
38%
NSW Ted Scobie Oval
38%
NSW The Beaches
38%
VIC The Phar Lap Track
38%
NSW The Ponds
38%
VIC Toolern Creek
38%
VIC Traralgon
38%
ACT Umbagong District
38%
ACT Wagi Bridge
38%
VIC Wangaratta
38%
VIC Westerfolds
38%
NSW Wildflower
38%
NSW Willoughby
38%
NSW Yamba
38%
VIC You Yangs
38%
TAS Zeehan Golf Club
38%
NT Alice Springs Telegraph Station
25%
VIC Altona Beach
25%
WA Applecross
25%
NSW Armidale
25%
NSW Auburn Botanic Gardens
25%
NSW Avondale University College
25%
VIC Balyang Sanctuary
25%
VIC Bannockburn Bush
25%
NSW Batemans Bay
25%
VIC Beaufort Lake
25%
TAS Bells Parade
25%
VIC Bendigo Botanic Gardens
25%
VIC Berwick Springs
25%
VIC Birdsland Reserve
25%
NSW Bourke Racecourse
25%
VIC Brimbank
25%
WA Burswood Peninsula
25%
VIC Calembeen
25%
NSW Campbelltown
25%
NSW Casula Parklands
25%
NSW Chipping Norton
25%
NSW Cobar
25%
VIC Cobram
25%
SA Coober Pedy Oval
25%
NSW Cooks River
25%
NSW Cronulla
25%
NSW Curl Curl
25%
VIC Cyril Curtain Reserve
25%
VIC Darebin
25%
VIC Diamond Creek
25%
VIC Dixon Field
25%
VIC Dorset Recreation Reserve
25%
NSW Dubbo
25%
NSW East Richmond
25%
VIC Eildon Pondage
25%
NSW Elara Riparian Parklands
25%
VIC Emerald Lake
25%
NSW Fingal Bay
25%
VIC Frank Keenan Reserve
25%
VIC Frog Hollow
25%
NSW Galston
25%
TAS Geeveston
25%
VIC Goldfields Reservoir
25%
VIC Great Southern Rail Trail, Korumburra
25%
VIC Hamilton
25%
VIC Highlands
25%
NSW Huskisson
25%
NSW Inverell
25%
QLD Ipswich QLD
25%
SA Jamestown Golf Course
25%
VIC Jells
25%
NSW Jindabyne
25%
SA Jubilee Way
25%
NSW Kamay
25%
SA Kangaroo Island
25%
VIC Karkarook
25%
NT Katherine Hot Springs
25%
QLD Kedron
25%
VIC KM Reedy Reserve
25%
VIC Lake Fyans Walking Track
25%
NSW Lake Mac
25%
VIC Lancefield
25%
SA Largs Bay
25%
NSW Lawson
25%
NSW Leeton Sport and Recreation Precinct
25%
VIC Lewis Park Reserve
25%
NSW Lismore
25%
NSW Lithgow
25%
NSW Macquarie University
25%
NSW Maitland
25%
SA Maria Creek Reserve
25%
VIC Marriott Waters
25%
NSW Menai
25%
SA Mobilong
25%
TAS Montrose Foreshore
25%
QLD Mount Isa
25%
NSW Mudgee
25%
SA Nantu Wama
25%
SA Naracoorte Lake
25%
SA Narooma Wetlands
25%
NSW Narrabri
25%
VIC Newport Lakes
25%
NSW Nulkaba
25%
SA Oaklands Estate Reserve
25%
VIC Ocean Grove
25%
QLD Old Esk Railway Station
25%
TAS Our Park
25%
VIC Ovens River Trail
25%
SA Pakapakanthi
25%
VIC Pakenham
25%
NSW Panania
25%
NSW Panboola Wetlands
25%
NSW Penrith Lakes
25%
VIC Peppertree
25%
NSW Picton
25%
VIC Point Cook
25%
VIC Portarlington
25%
TAS Port Sorell
25%
NSW Reddall Reserve
25%
NSW Riverbank
25%
QLD Roma
25%
NSW Rooty Hill
25%
NSW Rouse Hill
25%
NSW Sandon Point
25%
SA Seacliff Esplanade
25%
NSW Shellharbour
25%
VIC Shepparton
25%
SA Shiraz Trail
25%
NSW Southern Highlands Botanic Gardens
25%
QLD St George
25%
QLD St Lucia
25%
VIC Studley
25%
QLD Surfers Paradise
25%
NSW Tamworth
25%
NSW Taree
25%
NSW The Entrance
25%
VIC Timboon
25%
VIC Torquay
25%
SA Victor Harbor
25%
VIC Wallaby Track
25%
NSW Wauchope
25%
QLD Weipa
25%
NSW Wentworth Common
25%
SA West Beach
25%
TAS Westbury Town Common
25%
TAS Whitemark Wharf
25%
VIC Willow
25%
VIC Wilson Botanic
25%
VIC Wimmera River, Horsham
25%
TAS Windsor Precinct
25%
NSW Woy Woy
25%
VIC Wyndham Vale
25%
VIC Yackandandah Rail Trail
25%
QLD Airlie Beach
13%
SA Aldinga Beach
13%
QLD Aplins Weir
13%
QLD Ashgrove
13%
NSW Australian Botanic Garden Mount Annan
13%
NSW Australian Standing Stones
13%
NSW Ballina Coast
13%
NSW Ball Park
13%
SA Belair National Park
13%
VIC Belvedere
13%
NSW Bill Rose Sports Complex
13%
NSW Blackbutt
13%
NSW Blue Gum Hills
13%
NSW Braidwood Showground
13%
QLD Brisbane Valley Rail Trail
13%
QLD Bundaberg
13%
VIC Campaspe
13%
QLD Charters Towers Airport
13%
VIC Chelsea Bicentennial
13%
QLD Chermside
13%
SA Christies Beach
13%
VIC Churchill
13%
SA Clare Valley
13%
QLD Cloncurry
13%
VIC Coburg
13%
NSW Cowpasture Reserve, Camden
13%
VIC Eastern Gardens
13%
VIC Echuca Moama
13%
VIC Frankston Nature Conservation Reserve
13%
QLD Gainsborough Parklands
13%
VIC Gardiners Creek
13%
WA Garvey Park
13%
SA Gawler
13%
TAS George Town
13%
QLD Gladstone QLD
13%
QLD Glass House Mountains Conservation
13%
QLD Glenoma
13%
NSW Grafton
13%
VIC Grand Ridge Rail Trail
13%
QLD Hamilton Island
13%
WA Hampton Oval
13%
QLD Harris Avenue
13%
QLD Hervey Bay
13%
TAS Hoblers Bridge Reserve
13%
WA Homestead
13%
NSW Horseshoe Bay Reserve
13%
WA Jarrahdale Heritage
13%
NSW Jerrabomberra Mountain Reserve
13%
NSW Jubilee, Tenterfield
13%
NSW Karoola Park
13%
VIC Kennington Reservoir
13%
TAS Kingston Park
13%
VIC Koonwarra
13%
WA Kununurra
13%
NSW Lakeview
13%
VIC Lake Wallace
13%
VIC Lalor
13%
SA Lochiel
13%
VIC Mansfield Botanic
13%
VIC Maribyrnong
13%
QLD Maryborough
13%
NSW Moree
13%
NSW Mt Penang
13%
SA Myponga Reservoir
13%
QLD Nambour
13%
NSW Narromine Wetlands
13%
NSW Nepean River
13%
QLD New Farm
13%
NSW Northparkes Oval
13%
SA Nuriootpa
13%
QLD Paradise Point
13%
SA Patawalonga River
13%
TAS Pembroke
13%
WA Pioneer
13%
NSW Pioneer Dairy
13%
VIC Puckapunyal
13%
NSW Queen Elizabeth, Casino
13%
TAS Railton
13%
QLD Redcliffe
13%
QLD Redland Bay
13%
SA Renmark
13%
SA Reynella East
13%
QLD Robelle Domain
13%
QLD Rocks Riverside
13%
QLD Sandgate
13%
NSW San Remo
13%
WA Shipwreck
13%
QLD Sirromet
13%
SA South Para Reservoir
13%
QLD South Toowoomba
13%
QLD S.S. Koopa Trail
13%
QLD Stones Corner
13%
SA Strathalbyn
13%
VIC Tallangatta Station
13%
QLD Tamborine Mountain
13%
QLD Tannum Sands
13%
NSW The Terrace
13%
QLD Toowoomba
13%
VIC Trebeck Reserve
13%
TAS Tynwald Park
13%
QLD Underwood Park
13%
WA University of Western Australia
13%
QLD Varsity Lakes
13%
QLD Victory Heights Trail
13%
VIC Warragul
13%
VIC Warrandyte River Reserve
13%
VIC Warringal Parklands
13%
QLD Waterloo Plains
13%
NSW Werrington Lakes Reserve
13%
VIC Westerfolds Juniors
13%
NSW Whalan Reserve
13%
SA Whyalla Foreshore
13%
VIC Woodlands Historic Park
13%
QLD Wynnum
13%
TAS Wynyard Foreshore
13%
QLD Yarrabilba
13%
SA Yeldulknie Weir Trail
13%
SA Anstey Hill Recreation
0%
QLD Atherton
0%
WA Aveley
0%
QLD Bargara
0%
QLD Baringa
0%
WA Bayview Road
0%
QLD Bellevue Park Juniors
0%
VIC Benalla Botanical Gardens
0%
QLD Berrinba
0%
WA Bibra Lake
0%
QLD Binda Park
0%
QLD Birtinya Island
0%
WA Black Swan Lake
0%
QLD Bowen
0%
QLD Brightwater
0%
QLD Broadbeach Waters
0%
WA Bunbury
0%
NSW Bungendore Common
0%
QLD Bunyaville
0%
QLD Burrum Heads Beach
0%
QLD Calamvale
0%
WA Calleya
0%
NSW Cameron Park, Wellington
0%
WA Canning River
0%
QLD Capalaba
0%
QLD Capestone Lake
0%
QLD Cardwell
0%
WA Carine Glades
0%
SA Carisbrooke
0%
VIC Cascades on Clyde Wetlands
0%
VIC Castlemaine
0%
QLD Centenary
0%
WA Centennial Park, Dunsborough
0%
QLD Central Lakes
0%
NSW Chaffey Park
0%
WA Champion Lakes
0%
SA Charleston, South Australia
0%
QLD Charleys Creek
0%
SA Cleland
0%
QLD Cleveland
0%
WA Collie River Trail
0%
QLD Coolum Eco
0%
QLD Coomera
0%
SA Copper Trail
0%
QLD Cormorant Bay
0%
WA Cottesloe
0%
QLD Dalby
0%
WA Dawesville
0%
QLD Des Connor Park Juniors
0%
SA Devils Peak
0%
NSW Dhunggaarr Reserve
0%
SA Drage Reserve
0%
QLD Ecco Ripley
0%
WA Edinburgh Oval
0%
SA Edithburgh
0%
QLD Elliott Heads Beach
0%
WA Esperance Foreshore
0%
QLD Fodder Forest
0%
QLD Forest Lake
0%
NSW Forster
0%
WA Galup Reserve
0%
QLD Gatton
0%
QLD Gayndah River Walk
0%
WA Geographe Bay
0%
NSW Gloucester District
0%
QLD Golden Beach
0%
QLD Goondiwindi
0%
VIC Goulburn River Trail, Seymour
0%
QLD Graham Andrews
0%
NSW Grahamstown Aquatic Centre, Medowie
0%
QLD Greenbank
0%
QLD Harmony Boulevard
0%
NSW Henry Kendall Reserve
0%
QLD Hidden Vale
0%
QLD Highfields
0%
WA Jakes Point
0%
QLD Jeune Park
0%
WA Jurien Bay Foreshore
0%
WA Kadina Trail
0%
QLD Kawana
0%
QLD Kelvin Grove
0%
VIC Kerang Regional
0%
QLD Kewarra Beach
0%
VIC Kilmore Racecourse Walking Track
0%
VIC Lake Boga Foreshore
0%
WA Lake Claremont
0%
WA Lake Joondalup
0%
NT Lake Mary Ann Tingkkarli
0%
QLD Logan River
0%
QLD Lota
0%
VIC Louis Hamon Park
0%
QLD Maleny Trail
0%
WA Manjimup
0%
QLD Mansfield QLD
0%
QLD Mareeba Rail Trail
0%
WA Marina
0%
VIC Maroondah Dam
0%
SA Mawson Lakes
0%
WA Maylands Peninsula
0%
QLD Meadowbrook
0%
SA Memorial Park
0%
WA Merredin Peak
0%
QLD Miles
0%
QLD Minnippi
0%
QLD Mitchelton
0%
SA Moana
0%
WA Moora
0%
WA Mount Helena
0%
WA Mt Clarence
0%
QLD Mudgeeraba
0%
QLD Mudjimba Beach
0%
WA Mundy Regional
0%
VIC Nagambie Lake
0%
VIC Nathalia Showgrounds
0%
QLD Nathan Road Sports Ground
0%
VIC Newborough
0%
WA Newcastle Park
0%
VIC Nolen’s Park
0%
QLD Noosa
0%
QLD North Harbour
0%
QLD North Lakes
0%
QLD North Shore
0%
QLD Oakey
0%
QLD Ocean View
0%
QLD Old Thomson River Road
0%
QLD Pallara
0%
QLD Palm Creek
0%
SA Parkindula Reserve
0%
WA Perry Lakes
0%
QLD Petrie
0%
QLD Picnic Point Parklands
0%
QLD Pittsworth
0%
QLD Plantation
0%
QLD Point Vernon Foreshore Reserve
0%
SA Port Broughton
0%
VIC Pyramid Hill Golf Trail
0%
WA Quinns Rocks
0%
QLD Railway Park
0%
NSW Rex Jackson Oval
0%
WA Ridley Place Foreshore
0%
QLD Riverway
0%
WA Rockingham
0%
QLD Ros Gregor Trail
0%
QLD Samford Parklands
0%
QLD Scribbly Gums Conservation
0%
QLD Seaview
0%
WA Shelley
0%
NSW Singleton
0%
WA Sir James Mitchell
0%
NSW Sky River Path
0%
WA South Beach Recreation Reserve
0%
QLD Spring Creek
0%
QLD Stanthorpe
0%
SA Stebonheath
0%
QLD Surat Memorial Park
0%
WA Tamworth Wetlands
0%
SA Thorndon Juniors
0%
WA Town Beach
0%
NSW Two Rivers Wines
0%
SA Waikerie Wetlands
0%
NSW Walcha
0%
WA Wanneroo
0%
QLD Warner Lakes
0%
QLD Warwick
0%
QLD Wes Mitchell Park
0%
QLD White Rock
0%
WA Whitfords Nodes
0%
WA Wilson Inlet Heritage Trail
0%
QLD Wishart
0%
QLD Wondai
0%
WA Woodbridge Riverside
0%
QLD Workman’s Beach
0%
QLD Yeppoon
0%
WA Yokine
0%
QLD Yowie
0%
No matching quizzes found
Score Distribution
Percent of People with Each Score
Percentile by Number Answered
Your Score History
You have not taken this quiz